zpět

Detail výsledku týmu

Neplachov, Neplachov

Datum a čas kvízu

20.5 Celkem bodů Celkový počet nahraných bodů na tomto kvízu bez doplňovacích otázek.
1. Pořadí na kvízu Konečné umístění týmu na tomto kvízu.

Zaznamenané odpovědi

# Otázka Odpověď Body Výsledky
1. Radnice města Zubří na Vsetíns... pařez 0
2. Silný hurikán zasáhl v neděli... Dorian 0
3. Ve čtvrtek měl v kinech premié... Petr Kolečko 0
4. Mezinárodní tým vědců, do kter... nosorožec tuponosý (bílý) 1
5. Lukáš Krpálek se stal opět mis... v Japonsku 0
6. Ve které ze čtyř možností jsou... C 0
7. Nyní je Vaším úkolem seřadit c... A 0
8. Seřaďte tato periodika od těch... D 1
9. Seřaďte tyto filmy od toho, kt... B 0
10. V poslední otázce tématu Vám d... C 0